000 00371nam a2200145Ia 4500
008 240624s9999 xx 000 0 und d
041 _aeng
082 _a420 SWA
100 _aSWAN MICHAEL
245 _aPRACTICAL ENGLISH USAGE
250 _a(3rd ed.)
260 _c2010
_aNew Delhi
_bOxford University press
300 _axxix, : 653 : p. : cm. ; 24
365 _cRS
_b32
999 _c17969
_d17969